Социальная сфера в интерьере идеологии и экономики; Томский финансовый журнал; № 3

Detaylı Bibliyografya
Parent link:Томский финансовый журнал.— , 2004
№ 3.— 2004.— С. 6-7
Yazar: Чубик П. С. Петр Савельевич
Özet:В фонде НТБ ТПУ отсутствует
Dil:Rusça
Baskı/Yayın Bilgisi: 2004
Konular:
Materyal Türü: MixedMaterials Kitap Bölümü
KOHA link:https://koha.lib.tpu.ru/cgi-bin/koha/opac-detail.pl?biblionumber=597080

MARC

LEADER 00000naa0a2200000 4500
001 597080
005 20250128164214.0
035 |a (RuTPU)RU\TPU\tpu\20194 
090 |a 597080 
100 |a 20111018d2004 k||y0rusy50 ca 
101 0 |a rus 
102 |a RU 
200 1 |a Социальная сфера в интерьере идеологии и экономики  |f П. С. Чубик 
333 |a В фонде НТБ ТПУ отсутствует 
461 |t Томский финансовый журнал  |d 2004 
463 |t № 3  |v С. 6-7  |d 2004 
610 1 |a труды учёных ТПУ 
700 1 |a Чубик  |b П. С.  |c российский геолог  |c профессор, ректор Томского политехнического университета ( с 2008 г.)  |f 1954-  |g Петр Савельевич  |3 (RuTPU)RU\TPU\pers\24546 
801 1 |a RU  |b 63413507  |c 20111018 
942 |c CR